[Event "3rd HSK Easter Open 2017"]
[Site "Hamburg GER"]
[Date "2017.04.15"]
[Round "4.1"]
[White "Gaede,D"]
[Black "Nedic,D"]
[Result "1-0"]
[WhiteElo "2285"]
[BlackElo "2352"]
[EventType "swiss"]

1.d4 Nf6 2.Nf3 e6 3.Bf4 b6 4.e3 Bb7 5.Nbd2 Be7 6.h3 O-O 7.Bd3 c5 8.c3 d6 9.a4
cxd4 10.exd4 Nbd7 11.Qe2 e5 12.dxe5 dxe5 13.Nxe5 Nxe5 14.Bxe5 Bd6 15.Bxd6 Qxd6
16.Nc4 Qc6 17.Ne3 a6 18.O-O Rfe8 19.Qc2 Re5 20.Rfe1 Rae8 21.c4 g6 22.Bf1 Rg5
23.Rad1 Nh5 24.Ng4 Rf8 25.Qd2 f6 26.Re7 Bc8 27.Nh6+ {#r} 1-0

[Event "3rd HSK Easter Open 2017"]
[Site "Hamburg GER"]
[Date "2017.04.15"]
[Round "4.3"]
[White "Krause,Jonah"]
[Black "Nyenhuis,Yannek"]
[Result "1-0"]
[WhiteElo "2341"]
[BlackElo "1637"]
[EventType "swiss"]

1.d4 d5 2.c4 c6 3.Nf3 Nf6 4.e3 a6 5.Bd3 dxc4 6.Bxc4 Bf5 7.Qb3 e6 8.Qxb7 Nbd7
9.Qb3 Rb8 10.Qd1 Be7 11.O-O a5 12.Nc3 Qc7 13.h3 O-O 14.Nh4 Bg6 15.Nxg6 hxg6
16.e4 Bb4 17.e5 Nd5 18.Bd2 Qb6 19.Be1 Rfd8 20.Nxd5 cxd5 21.Bb3 Qa7 22.Bc3 Nb6
23.Bxb4 axb4 24.Qd3 Nc4 25.Bxc4 dxc4 26.Qxc4 Qxd4 27.Qxd4 Rxd4 28.f4 Rd2
29.Rf2 Rbd8 30.Raf1 R2d3 31.b3 Ra8 32.Rc1 Rad8 33.Rc4 R3d4 34.Rxd4 Rxd4 35.Kf1
Kf8 36.Ke2 Ke7 37.Ke3 Rd5 38.Rd2 Rxd2 39.Kxd2 Kd7 40.Ke2 {#r} 1-0

[Event "3rd HSK Easter Open 2017"]
[Site "Hamburg GER"]
[Date "2017.04.15"]
[Round "4.7"]
[White "Foerster,A"]
[Black "Atri,J"]
[Result "1-0"]
[WhiteElo "2206"]
[BlackElo "2028"]
[EventType "swiss"]

1.d4 d5 2.c4 c6 3.Nf3 Nf6 4.Nc3 e6 5.Bg5 dxc4 6.e4 b5 7.e5 h6 8.Bxf6 gxf6 9.a4
Bb4 10.g3 Bb7 11.Bg2 a6 12.exf6 Qxf6 13.Ne5 Qe7 14.O-O Bxc3 15.bxc3 Kd8 16.Qf3
Rh7 17.axb5 axb5 18.Rxa8 Bxa8 19.Ra1 Bb7 20.Ra7 f6 21.Ng6 Qf7 22.Nf4 e5 23.Nh5
exd4 24.Qf4 Qc7 25.Qxf6+ Qe7 26.Qxd4+ Kc7 27.Qf4+ Kb6 28.Qxb8 Qe1+ 29.Bf1 Qxc3
30.Ra2 Rd7 31.Nf4 Qf6 32.Be2 Qf7 33.Bg4 Re7 34.Qd6 Re1+ 35.Kg2 Qe8 36.Nd5# 1-0

[Event "61st Southend Easter 2017"]
[Site "Southend ENG"]
[Date "2017.04.15"]
[Round "3.1"]
[White "Ledger,D"]
[Black "Hebden,M"]
[Result "0-1"]
[WhiteElo "2207"]
[BlackElo "2494"]

1.e4 e5 2.Nf3 Nc6 3.Bb5 a6 4.Ba4 Nf6 5.O-O Be7 6.d3 d6 7.c3 O-O 8.h3 b5 9.Bc2
d5 10.exd5 Qxd5 11.Re1 Bf5 12.Bg5 Rad8 13.Nbd2 Bxd3 14.Bxd3 Qxd3 15.Nxe5 Nxe5
16.Rxe5 h6 17.Bh4 Qxd2 18.Qxd2 Rxd2 19.Rxe7 Nd5 20.Rd7 c6 21.Rd6 Rc8 22.Rb1
Rc2 23.Bd8 Nf4 24.Kf1 Ng6 25.a4 Ne5 26.axb5 axb5 27.Re1 Nc4 28.Re8+ Kh7 29.Rd7
Rxb2 30.Ree7 Ra8 31.g4 Rd2 32.Rxf7 Ne3+ 33.Ke1 Rxd7 34.Rxd7 Nd5 35.h4 Nxc3
36.g5 Ra1+ 37.Kd2 Rd1+ {#R} 0-1

[Event "61st Southend Easter 2017"]
[Site "Southend ENG"]
[Date "2017.04.15"]
[Round "3.3"]
[White "Britton,R"]
[Black "Merry,Alan B"]
[Result "0-1"]
[WhiteElo "2168"]
[BlackElo "2412"]

1.e4 g6 2.d4 Bg7 3.Nc3 c6 4.f4 d5 5.e5 Nh6 6.Be2 Qb6 7.g4 f6 8.h3 O-O 9.Nf3
Nf7 10.Na4 Qc7 11.Be3 g5 12.exf6 exf6 13.f5 Re8 14.Bf2 b6 15.Nc3 Qf4 16.Kf1
Rxe2 17.Nxe2 Qxf3 18.Ng3 Ba6+ 19.Kg1 Qxd1+ 20.Rxd1 Nd7 21.Re1 Rd8 22.Re6 Bb7
23.Nh5 Nf8 24.Re7 Rd7 25.Rxd7 Nxd7 26.Bg3 Bf8 27.Kf2 Nd6 28.Bxd6 Bxd6 29.Re1
Kf7 30.Re6 Be7 31.c3 Nb8 32.b4 Na6 33.a4 Nc7 34.Re1 Ne8 35.Re6 Bc8 36.Re1 Nd6
37.Ng3 h5 38.Rb1 h4 39.Ne2 Ba6 {#R} 0-1

[Event "61st Southend Easter 2017"]
[Site "Southend ENG"]
[Date "2017.04.15"]
[Round "4.3"]
[White "Kirk,Ez"]
[Black "Gareev,T"]
[Result "0-1"]
[WhiteElo "2365"]
[BlackElo "2609"]

1.e4 e5 2.Nf3 Nc6 3.Nc3 Nf6 4.Bb5 Bb4 5.O-O O-O 6.d3 Bxc3 7.bxc3 d6 8.Bg5 Qe7
9.Re1 Nd8 10.d4 Bg4 11.h3 Bh5 12.Bh4 h6 13.Bf1 Re8 14.g4 Bg6 15.d5 c6 16.c4
Bh7 17.Nd2 Rc8 18.a4 g5 19.Bg3 Nd7 20.f3 Nf8 21.Bf2 c5 22.h4 gxh4 23.Bh3 Rc7
24.f4 exf4 25.Nf3 f6 26.Qd2 Nf7 27.Nxh4 Ng5 28.Ra3 Qe5 29.Nf5 Qb2 30.Qc3 Nxh3+
31.Qxh3 Bxf5 32.exf5 Rxe1+ 33.Bxe1 Re7 34.Bf2 Qxc2 35.Rf3 Qxc4 36.Qxh6 Qc1+
37.Kg2 Rh7 {#R} 0-1

[Event "Pieniny Masters 2017"]
[Site "Lesnica SVK"]
[Date "2017.04.15"]
[Round "7.5"]
[White "Dragnev,Valentin"]
[Black "Kreisl,R"]
[Result "1-0"]
[WhiteElo "2515"]
[BlackElo "2435"]

1.Nf3 Nf6 2.c4 e6 3.g3 d5 4.d4 Bb4+ 5.Bd2 Be7 6.Bg2 O-O 7.O-O Nbd7 8.Qc2 c6
9.Rd1 b6 10.b3 Bb7 11.Nc3 Qc8 12.Bf4 h6 13.e4 Nxe4 14.Nxe4 dxe4 15.Qxe4 c5
16.d5 Re8 17.Qc2 exd5 18.cxd5 Bf6 19.Rac1 Qd8 20.Nd2 Be5 21.Be3 Nf6 22.Nc4 Ng4
23.Nxe5 Nxe3 24.Nxf7 Qe7 25.Nxh6+ gxh6 26.fxe3 Qxe3+ 27.Kh1 Kg7 28.Rf1 Re5
29.Rf4 Rf8 30.Rxf8 Kxf8 31.Rd1 Qe2 32.Qc1 Kg7 33.h4 Qxa2 34.Qf4 Qe2 35.Rf1
{#r} 1-0

[Event "Pieniny Ladies 2017"]
[Site "Lesnica SVK"]
[Date "2017.04.15"]
[Round "7.2"]
[White "Repkova,E"]
[Black "Kanakova,Natalie"]
[Result "1-0"]
[WhiteElo "2329"]
[BlackElo "2112"]

1.e4 c5 2.Nf3 g6 3.Bc4 Nc6 4.O-O Bg7 5.Re1 d6 6.c3 Nf6 7.d3 O-O 8.Nbd2 a6
9.Bb3 b5 10.Nf1 Bb7 11.Be3 Ng4 12.Bg5 h6 13.Bh4 a5 14.d4 a4 15.Bc2 a3 16.bxa3
Rxa3 17.Rb1 Rxc3 18.Rxb5 Ba6 19.Rb3 Rxb3 20.Bxb3 cxd4 21.Bd5 Nge5 22.Nxe5 Nxe5
23.Qa4 Bc8 24.Rd1 g5 25.Bg3 Bd7 26.Qa6 Qc7 27.Nd2 e6 28.Bb3 Bc6 29.Rc1 Qb7
30.Qe2 Ra8 31.h4 gxh4 32.Bf4 Kh7 33.Qh5 Ba4 34.Nc4 Nd3 35.Nxd6 Qe7 36.Bxh6
Bxh6 37.Nxf7 Qf6 38.Nxh6 Nxc1 39.Ng4+ Kg7 40.Nxf6 Kxf6 41.Qh6+ {#r} 1-0

[Event "Pieniny Ladies 2017"]
[Site "Lesnica SVK"]
[Date "2017.04.15"]
[Round "7.3"]
[White "Froewis,A"]
[Black "Jelica,M"]
[Result "0-1"]
[WhiteElo "2087"]
[BlackElo "2108"]

1.e4 c5 2.Nf3 d6 3.d4 cxd4 4.Nxd4 Nf6 5.Nc3 a6 6.Be2 e5 7.Nb3 Be6 8.O-O Be7
9.f4 Nc6 10.f5 Bxb3 11.axb3 b5 12.Bg5 O-O 13.Bxf6 Bxf6 14.Nd5 Bg5 15.f6 Bxf6
16.Rxf6 gxf6 17.Bg4 f5 18.Bxf5 Qg5 19.b4 Nd4 20.Ra3 Nxf5 21.exf5 Kh8 22.f6 Rg8
23.Rg3 Qh4 24.Rd3 Rg6 25.Kh1 Rag8 26.Rh3 Qe4 27.Ne3 Rxf6 28.Qd3 Qxd3 29.cxd3
Rc8 30.g4 Rf2 31.Kg1 Rxb2 32.Rf3 Rc1+ 33.Nf1 Kg7 34.g5 Rxb4 35.Kg2 Rf4 {#R}
0-1

[Event "63rd ch-WLS 2017"]
[Site "Cardiff WLS"]
[Date "2017.04.15"]
[Round "4.6"]
[White "Bullen,Alex"]
[Black "Saunders,W"]
[Result "1-0"]
[WhiteElo "2105"]
[BlackElo "2030"]

1.e4 g6 2.d4 Bg7 3.Nf3 d6 4.Nc3 c6 5.a4 Nf6 6.h3 O-O 7.Be3 Nbd7 8.Be2 e5
9.dxe5 dxe5 10.Nd2 Qc7 11.Nc4 Rd8 12.Qd6 Qxd6 13.Nxd6 Nf8 14.Nxc8 Rdxc8
15.O-O-O Ne6 16.Rd3 b6 17.Rhd1 Kf8 18.Rd6 Ke8 19.Bc4 Nf8 20.Rxc6 Rxc6 21.Bb5
Rc8 22.Rd6 Ke7 23.Rxc6 Rxc6 24.Bxc6 Kd6 25.Bb7 Kc7 26.Ba6 N8d7 27.Bc4 Nc5
28.f3 Ne6 29.Nb5+ Kb8 30.Nd6 Nc5 31.b3 Nh5 32.Nxf7 Nf4 33.g3 Nh5 34.Bf2 Kc7
35.Ng5 Bh6 36.h4 Ng7 37.Kd1 Bxg5 38.hxg5 Nce6 39.Be3 Kd6 40.Bxe6 Kxe6 41.a5
bxa5 42.Bxa7 Kd6 43.Bb8+ {#r} 1-0

[Event "ch-KAZ 2017"]
[Site "Almaty KAZ"]
[Date "2017.04.15"]
[Round "5.1"]
[White "Ismagambetov,An"]
[Black "Kostenko,P"]
[Result "1-0"]
[WhiteElo "2545"]
[BlackElo "2440"]

1.e4 e6 2.d4 d5 3.Nc3 Nf6 4.e5 Nfd7 5.f4 c5 6.Nf3 Nc6 7.Be3 a6 8.Qd2 b5 9.dxc5
Bxc5 10.Bd3 Qb6 11.Bf2 h6 12.O-O Bxf2+ 13.Rxf2 Nc5 14.Re1 b4 15.Nd1 O-O 16.Ne3
Rd8 17.Qe2 a5 18.f5 Ne4 19.f6 Ba6 20.Rff1 Ra7 21.Kh1 gxf6 22.exf6 Nxf6 23.Nh4
Qd4 24.Nef5 exf5 25.Nxf5 Qxb2 26.Bxa6 Re8 27.Qf3 Rxe1 28.Qg3+ Kf8 29.Qg7+ Ke8
30.Rxe1+ Kd8 31.Bb5 Kc7 32.Qg3+ Kb6 33.Bxc6 Kxc6 34.Qd6+ Kb5 35.c4+ Ka4
36.Qc6+ Ka3 37.Re3+ Kxa2 38.Qa4+ Qa3 39.Re2+ Kb1 40.Qc2+ {#r} 1-0

[Event "ch-KAZ 2017"]
[Site "Almaty KAZ"]
[Date "2017.04.15"]
[Round "5.2"]
[White "Kuderinov,K"]
[Black "Makhnyov,Denis"]
[Result "1-0"]
[WhiteElo "2482"]
[BlackElo "2379"]

1.e4 e5 2.Nf3 Nc6 3.d4 exd4 4.Nxd4 Nf6 5.Nxc6 bxc6 6.Bd3 d5 7.e5 Ng4 8.Bf4 Bc5
9.O-O f6 10.e6 Bxe6 11.h3 Ne5 12.Bxe5 fxe5 13.Qh5+ Kd7 14.Qxe5 Qf6 15.Qxf6
gxf6 16.Nd2 Rab8 17.Rab1 Rb4 18.a3 Rf4 19.b4 Bb6 20.g3 Rg8 21.Kg2 h5 22.Be2
Bxf2 23.Bg4 Bxg3 24.Kxg3 Rd4 25.Nb3 Rc4 26.Nc5+ Rxc5 27.bxc5 f5 28.Rbe1 fxg4
29.h4 Ke7 30.Rf5 Rh8 31.Ree5 Rh6 32.Rxh5 Rf6 33.Rh7+ Kd8 34.h5 d4 35.h6 Rf3+
36.Kg2 Bd5 37.Rxd5+ cxd5 38.Rg7 {#r} 1-0

[Event "GRENKE Chess Open 2017"]
[Site "Karlsruhe GER"]
[Date "2017.04.16"]
[Round "6.7"]
[White "Grandelius,N"]
[Black "Martinovic,Sa"]
[Result "1-0"]
[WhiteElo "2641"]
[BlackElo "2551"]

1.c4 g6 2.Nf3 Bg7 3.Nc3 d6 4.g3 Nf6 5.Bg2 O-O 6.O-O e5 7.d4 Nc6 8.dxe5 Nxe5
9.b3 Nxf3+ 10.Bxf3 Bh3 11.Re1 c6 12.Bb2 Qc7 13.Qd4 Rfd8 14.Rac1 Qc8 15.Ne4 Ne8
16.Qd2 Bxb2 17.Qxb2 Qf5 18.Red1 Qe5 19.Qxe5 dxe5 20.g4 f5 21.gxf5 Bxf5 22.Nc5
Nd6 23.Bg2 Kf7 24.e4 Be6 25.f4 exf4 26.e5 Nf5 27.Nxb7 Rxd1+ 28.Rxd1 Ne3
29.Nd8+ Kg8 30.Rd6 Bg4 31.Bxc6 Rc8 32.e6 Nf5 33.Rd7 Ne7 34.Bb7 Rb8 35.c5 Kf8
36.c6 Bf3 37.c7 Rxb7 38.Rxe7 {#r} 1-0

[Event "GRENKE Chess Open 2017"]
[Site "Karlsruhe GER"]
[Date "2017.04.16"]
[Round "6.9"]
[White "Bosiocic,Mari"]
[Black "Annaberdiev,M"]
[Result "0-1"]
[WhiteElo "2610"]
[BlackElo "2459"]

1.e4 c6 2.Nf3 d5 3.Nc3 Nf6 4.e5 Ne4 5.Ne2 Qb6 6.d4 e6 7.Ng3 c5 8.Bd3 Nxg3
9.hxg3 h6 10.Ng5 Nc6 11.Qh5 Nd8 12.Nxf7 Nxf7 13.Bg6 Qc7 14.Rh4 cxd4 15.Bd2 Bc5
16.Rf4 O-O 17.O-O-O Nxe5 18.Rxf8+ Bxf8 19.Bf4 Bd6 20.Bxe5 Bxe5 21.Bd3 Bd7
22.Qg6 Kf8 23.f4 Bf6 24.Qh7 Ke7 25.Kb1 Rf8 {#R} 0-1

[Event "GRENKE Chess Open 2017"]
[Site "Karlsruhe GER"]
[Date "2017.04.16"]
[Round "6.15"]
[White "Banusz,T"]
[Black "Admiraal,M"]
[Result "1-0"]
[WhiteElo "2613"]
[BlackElo "2440"]

1.Nf3 d5 2.g3 h5 3.d4 Bf5 4.Bg2 e6 5.c4 c6 6.Nc3 Be7 7.Qb3 Qb6 8.O-O h4 9.Re1
hxg3 10.hxg3 Nf6 11.c5 Qxb3 12.axb3 Na6 13.Bf4 Ne4 14.g4 Bxg4 15.Ne5 Bh3
16.Nxe4 Bxg2 17.Kxg2 dxe4 18.Rxa6 bxa6 19.Nxc6 Bxc5 20.dxc5 Rc8 21.Ne5 Rxc5
22.Nc4 f6 23.Rd1 Kf7 24.Rd7+ Kg6 25.Rxa7 Rb5 26.Rxa6 Rxb3 27.Rc6 Kf5 28.Bd2 e5
29.Bc3 Rbb8 30.Nd6+ Ke6 31.Nc4+ Kd7 32.Ra6 Rh6 33.e3 Rbh8 34.Kf1 Rh1+ 35.Ke2
Rg1 36.Nd2 Rh4 37.Ra4 Ke6 38.Nxe4 Rgg4 39.Ra6+ Kd5 40.f3 Rg2+ 41.Kd3 {#r} 1-0

[Event "GRENKE Chess Open 2017"]
[Site "Karlsruhe GER"]
[Date "2017.04.16"]
[Round "6.17"]
[White "Saric,Iv"]
[Black "Noe,C"]
[Result "1-0"]
[WhiteElo "2609"]
[BlackElo "2435"]

1.e4 e5 2.Nf3 Nc6 3.d4 exd4 4.Nxd4 Bc5 5.Nb3 Bb6 6.Nc3 Nge7 7.Bg5 h6 8.Bh4 O-O
9.Qd2 Qe8 10.O-O-O Ng6 11.Bg3 d6 12.Kb1 f5 13.exf5 Bxf5 14.Nd5 Kh8 15.Bb5 Qf7
16.Rhe1 Nge5 17.f4 Ng4 18.a4 Nf6 19.Bc4 Nxd5 20.Bxd5 Qg6 21.Bxc6 bxc6 22.a5
Bc5 23.Nxc5 dxc5 24.Qc3 Rfb8 25.Bf2 Rb5 26.Rd2 Rab8 27.Bxc5 Rxb2+ 28.Qxb2
Rxb2+ 29.Kxb2 Be4 30.g4 Bd5 31.Bd4 Qd6 32.Bc3 Kg8 33.f5 Qc5 34.Rd4 Kf7 35.f6
gxf6 36.Rf4 Qb5+ 37.Kc1 Qc5 38.Rxf6+ Kg8 39.Re8+ Kh7 40.Rh8+ Kxh8 41.Rxc6+
{#r} 1-0

[Event "GRENKE Chess Open 2017"]
[Site "Karlsruhe GER"]
[Date "2017.04.16"]
[Round "6.19"]
[White "Heimann,An"]
[Black "Lagunow,A"]
[Result "1-0"]
[WhiteElo "2577"]
[BlackElo "2421"]

1.Nf3 Nf6 2.c4 e6 3.g3 d5 4.Bg2 Be7 5.O-O O-O 6.d4 Nbd7 7.Qc2 c6 8.b3 b6 9.Bb2
Bb7 10.Nc3 c5 11.cxd5 Nxd5 12.Nxd5 Bxd5 13.e4 Bb7 14.Rfd1 Nf6 15.Ng5 g6 16.d5
exd5 17.exd5 Nxd5 18.Bxd5 Bxd5 19.Qc3 f6 20.Rd2 b5 21.Rad1 b4 22.Qe3 fxg5
23.Rxd5 Qe8 24.Re5 Rf7 25.Re1 Kf8 26.Re6 h6 27.Rxg6 Rh7 28.Qf3+ {#r} 1-0

[Event "GRENKE Chess Open 2017"]
[Site "Karlsruhe GER"]
[Date "2017.04.16"]
[Round "6.21"]
[White "Perske,Thore"]
[Black "Stocek,J"]
[Result "0-1"]
[WhiteElo "2413"]
[BlackElo "2560"]

1.e4 c5 2.Nf3 e6 3.d4 cxd4 4.Nxd4 a6 5.g3 Bb4+ 6.c3 Be7 7.Bg2 Qc7 8.O-O d6
9.Qe2 Bd7 10.c4 Bf6 11.Be3 Nc6 12.Nxc6 Bxc6 13.Nc3 Bxc3 14.bxc3 Nf6 15.Bf4 e5
16.Bg5 Nd7 17.Rfd1 Nc5 18.Be3 O-O 19.Bxc5 dxc5 20.h4 h6 21.h5 Qa5 22.Qb2 Rfd8
23.Kf1 Rab8 24.Ke1 Bd7 25.Bf1 Bc6 26.Bg2 Rd4 27.Rxd4 exd4 28.Rc1 Rd8 29.Kf1 d3
30.Rd1 b5 31.Qb3 bxc4 32.Qxc4 d2 {#R} 0-1

[Event "GRENKE Chess Open 2017"]
[Site "Karlsruhe GER"]
[Date "2017.04.16"]
[Round "6.24"]
[White "Baron,Ta"]
[Black "Menezes,Chr"]
[Result "1-0"]
[WhiteElo "2528"]
[BlackElo "2404"]

1.e4 c5 2.Nf3 d6 3.d4 cxd4 4.Nxd4 Nf6 5.Nc3 a6 6.h4 e6 7.g4 h6 8.Bg2 Nfd7
9.Be3 Be7 10.g5 Ne5 11.gxh6 gxh6 12.Qe2 b5 13.O-O-O Bb7 14.Qh5 Qd7 15.Bh3 {#r}
1-0

[Event "GRENKE Chess Open 2017"]
[Site "Karlsruhe GER"]
[Date "2017.04.16"]
[Round "6.31"]
[White "Bacrot,E"]
[Black "Ackermann,Ha"]
[Result "1-0"]
[WhiteElo "2696"]
[BlackElo "2286"]

1.Nf3 d6 2.d4 g6 3.c4 Bg7 4.e4 Nc6 5.d5 Nb8 6.h3 c5 7.Bd3 e5 8.Nc3 Ne7 9.g4 h6
10.Rg1 Bd7 11.a3 a5 12.Be3 Na6 13.h4 Rb8 14.Nd2 Nc8 15.g5 h5 16.Qe2 O-O 17.Nf1
Nc7 18.Ng3 Bg4 19.f3 Bd7 20.Nf5 Re8 21.Nxg7 Kxg7 22.O-O-O Rf8 23.f4 b6 24.Rdf1
Qe8 25.Qh2 Kh7 26.Rf2 Qe7 27.f5 Rg8 28.Be2 Be8 29.Qh3 a4 30.Bxh5 gxh5 31.f6
Qd7 32.Qf3 Kg6 33.Qf5+ Qxf5 34.exf5+ Kh7 35.Ne4 b5 36.g6+ fxg6 37.Ng5+ Kh8
38.f7 Bxf7 39.Nxf7+ Kg7 40.fxg6 Re8 41.Nh6 {#r} 1-0

[Event "GRENKE Chess Open 2017"]
[Site "Karlsruhe GER"]
[Date "2017.04.16"]
[Round "6.32"]
[White "Zeller,F"]
[Black "Piorun,K"]
[Result "0-1"]
[WhiteElo "2390"]
[BlackElo "2651"]

1.e4 c6 2.d4 d5 3.Nc3 dxe4 4.Nxe4 Bf5 5.Ng3 Bg6 6.h4 h6 7.Nf3 e6 8.h5 Bh7
9.Bd3 Bxd3 10.Qxd3 Nf6 11.Bd2 c5 12.Qb5+ Qd7 13.Qxd7+ Nbxd7 14.dxc5 Bxc5
15.Rh4 O-O 16.c4 Rfc8 17.Ke2 Bd6 18.Ne4 Be7 19.b3 b5 20.Rc1 Ne8 21.Rhh1 f5
22.Ng3 Ba3 23.Rc3 Nd6 24.Rd1 Nb6 25.Bc1 Bb4 26.Re3 f4 27.Rxe6 Re8 28.Rxe8+
Rxe8+ 29.Kf1 fxg3 30.a3 Bc5 31.b4 Bxf2 32.Rxd6 Nxc4 33.Rd5 Be3 34.Rd1 Bxc1
35.Rxc1 Nxa3 36.Nd4 Re4 37.Rc8+ Kh7 38.Rd8 a6 39.Rd7 Nc4 40.Ne2 Ne3+ 41.Kg1
Nf5 {#R} 0-1

[Event "GRENKE Chess Open 2017"]
[Site "Karlsruhe GER"]
[Date "2017.04.16"]
[Round "6.33"]
[White "Demchenko,A"]
[Black "Rosner,J"]
[Result "1-0"]
[WhiteElo "2628"]
[BlackElo "2386"]

1.e4 c6 2.d4 d5 3.e5 Bf5 4.Nf3 e6 5.Be2 c5 6.O-O Nc6 7.c3 cxd4 8.Nxd4 Nxd4
9.cxd4 Ne7 10.Nc3 Nc6 11.g4 Bg6 12.f4 f5 13.exf6 Qxf6 14.f5 exf5 15.Nxd5 Qxd4+
16.Be3 Qxd1 17.Raxd1 O-O-O 18.gxf5 Bf7 19.Bf3 Bd6 20.Bg5 Rd7 21.f6 Bxd5
22.Bxd5 gxf6 23.Be6 fxg5 24.Rxd6 Ne5 25.Rc1+ Kd8 26.Bxd7 Ke7 27.Re6+ {#r} 1-0

[Event "GRENKE Chess Open 2017"]
[Site "Karlsruhe GER"]
[Date "2017.04.16"]
[Round "6.36"]
[White "Epishin,V"]
[Black "Parvanyan,Ashot"]
[Result "1-0"]
[WhiteElo "2574"]
[BlackElo "2374"]

1.Nf3 Nf6 2.e3 g6 3.b4 Bg7 4.Bb2 O-O 5.c4 d6 6.d3 e5 7.Nbd2 Qe7 8.Be2 Nbd7
9.O-O Re8 10.Qc2 a5 11.a3 b6 12.Ne4 Bb7 13.Nfd2 Nxe4 14.dxe4 Qh4 15.Bc3 Rf8
16.Bf3 f5 17.bxa5 bxa5 18.Rab1 Bc6 19.exf5 Bxf3 20.Nxf3 Qxc4 21.fxg6 hxg6
22.Qxg6 Rf6 23.Qc2 Nc5 24.Rfc1 Qg4 25.h3 Qh5 26.Nh2 Raf8 27.Ng4 Rg6 28.Bxa5
Ne6 29.Bxc7 Rf7 30.Bxd6 Ng5 31.Rb8+ Kh7 32.Rb4 Rd7 33.Bxe5 Bxe5 34.Nxe5 Nxh3+
35.Kf1 Qxe5 36.Rb6 Rg7 37.Rxg6 {#r} 1-0

[Event "GRENKE Chess Open 2017"]
[Site "Karlsruhe GER"]
[Date "2017.04.16"]
[Round "6.37"]
[White "Winterberg,L"]
[Black "Moussard,J"]
[Result "0-1"]
[WhiteElo "2378"]
[BlackElo "2573"]

1.e4 g6 2.d4 Bg7 3.c4 d6 4.Nc3 Nf6 5.Be2 O-O 6.Nf3 e5 7.O-O Nc6 8.d5 Ne7 9.Ne1
Nd7 10.Nd3 f5 11.f3 f4 12.Bd2 g5 13.Rc1 Ng6 14.c5 Nf6 15.cxd6 cxd6 16.Nb5 Rf7
17.Qc2 Ne8 18.a4 h5 19.Nf2 Bd7 20.Qb3 Bf8 21.Rc3 a6 22.Na3 Nf6 23.h3 Nh4
24.Rfc1 Rg7 25.Qd1 Qe8 26.a5 Qg6 27.Be1 Be7 28.Nc4 Rf8 29.Nb6 g4 30.fxg4 hxg4
31.Nxd7 gxh3 32.Nxf6+ Rxf6 33.g4 fxg3 34.Rc8+ Bf8 35.Ng4 h2+ 36.Kh1 Rf1+ {#R}
0-1

[Event "GRENKE Chess Open 2017"]
[Site "Karlsruhe GER"]
[Date "2017.04.16"]
[Round "6.39"]
[White "Ondersteijn,N"]
[Black "Ruck,R1"]
[Result "0-1"]
[WhiteElo "2367"]
[BlackElo "2557"]

1.b3 d5 2.Bb2 Bg4 3.f3 Bf5 4.e4 dxe4 5.Nc3 Nf6 6.Qe2 exf3 7.Nxf3 c6 8.O-O-O
Bg4 9.h3 Bxf3 10.Qxf3 e6 11.g4 Qa5 12.Kb1 Ba3 13.Ba1 Nbd7 14.Rg1 Bc5 15.Rg2
Bd4 16.Re2 O-O-O 17.Bg2 Ne5 18.Qg3 h6 19.Rf1 Rd7 20.Rf4 Ng6 21.Rxd4 Rxd4
22.Nb5 Qxb5 {#R} 0-1

[Event "GRENKE Chess Open 2017"]
[Site "Karlsruhe GER"]
[Date "2017.04.16"]
[Round "6.40"]
[White "Donchenko,Alexa"]
[Black "Braeuning,R"]
[Result "1-0"]
[WhiteElo "2554"]
[BlackElo "2359"]

1.d4 Nf6 2.c4 e6 3.g3 d5 4.Bg2 dxc4 5.Nf3 a6 6.O-O Nc6 7.e3 Bd7 8.Qe2 b5 9.b3
cxb3 10.axb3 Bb4 11.Ne5 Nxe5 12.Bxa8 Qxa8 13.dxe5 Ng8 14.Qg4 Bf8 15.Rd1 f5
16.Qd4 Bc6 17.f3 Ne7 18.e4 h6 19.Nc3 fxe4 20.fxe4 Ng6 21.h4 Be7 22.h5 Nf8
23.Ba3 Bxa3 24.Rxa3 Nh7 25.Rxa6 Qxa6 26.Qd8+ Kf7 27.Rf1+ Nf6 28.Qxc7+ Kg8
29.exf6 Qb6+ 30.Qxb6 {#r} 1-0

[Event "GRENKE Chess Open 2017"]
[Site "Karlsruhe GER"]
[Date "2017.04.16"]
[Round "6.41"]
[White "Sadzikowski,D"]
[Black "Harff,M"]
[Result "1-0"]
[WhiteElo "2547"]
[BlackElo "2351"]

1.c4 e5 2.g3 Nf6 3.Bg2 c6 4.Nf3 e4 5.Nd4 Qb6 6.Nb3 d5 7.cxd5 cxd5 8.Nc3 Bf5
9.d3 Bb4 10.O-O O-O 11.Nxd5 Nxd5 12.dxe4 Bxe4 13.Bxe4 Nf6 14.Be3 Qc7 15.Rc1
Nc6 16.Qc2 Nxe4 17.Qxe4 Qe7 18.Qxe7 Bxe7 19.Nd4 Nb4 20.Nf5 Bf6 21.Bc5 Nxa2
22.Ra1 Rfe8 23.Ne3 b6 24.Ba3 Nc3 25.bxc3 Bxc3 26.Rab1 Bd4 27.Nf5 Bf6 28.e3 g6
29.Nd6 Re6 30.Nb5 Rc6 31.Rfc1 Rxc1+ 32.Rxc1 a6 33.Nc7 Rc8 34.Nxa6 Ra8 35.Bd6
{#r} 1-0

[Event "GRENKE Chess Open 2017"]
[Site "Karlsruhe GER"]
[Date "2017.04.16"]
[Round "6.42"]
[White "Moskalenko,A"]
[Black "Miedema,D"]
[Result "1-0"]
[WhiteElo "2514"]
[BlackElo "2353"]

1.c4 e6 2.Nf3 d5 3.e3 Nf6 4.Nc3 Bd6 5.b3 c6 6.Bb2 Qe7 7.Rg1 h6 8.g4 Ba3 9.Bxa3
Qxa3 10.h4 Nbd7 11.Qc2 Qd6 12.g5 hxg5 13.hxg5 Ng8 14.d4 Ne7 15.Be2 dxc4
16.bxc4 e5 17.Ne4 Qb4+ 18.Kf1 Nb6 19.Nxe5 Bh3+ 20.Rg2 Nf5 21.Bg4 Bxg2+ 22.Kxg2
Nh4+ 23.Kg3 Qe7 24.c5 Nc8 25.Bxc8 Rxc8 26.Nd6+ Kf8 27.Ndxf7 g6 28.Rh1 {#r} 1-0

[Event "GRENKE Chess Open 2017"]
[Site "Karlsruhe GER"]
[Date "2017.04.16"]
[Round "6.43"]
[White "Kerigan,D"]
[Black "Poetsch,H"]
[Result "1-0"]
[WhiteElo "2352"]
[BlackElo "2497"]

1.e4 d5 2.exd5 Qxd5 3.Nc3 Qa5 4.Bc4 Nf6 5.d4 Bg4 6.Nf3 Nc6 7.h3 Bxf3 8.Qxf3
O-O-O 9.d5 Ne5 10.Qf5+ Ned7 11.Qf3 e6 12.dxe6 Ne5 13.Qe2 Bb4 14.O-O Bxc3
15.bxc3 Qxc3 16.Bb3 Nc6 17.Be3 fxe6 18.Bxe6+ Kb8 19.Rab1 Nd4 20.Qa6 b6 21.Bc4
Ne4 22.Bd3 Nc5 23.Qc4 Nxd3 24.cxd3 Ne2+ 25.Kh1 Rxd3 26.Qg4 Qc2 27.Rfe1 Nc3
28.Rbc1 Qb2 29.Qc4 Rhd8 30.Bf4 Nb5 31.a4 Rc3 32.Qxb5 Qxf2 33.Qe5 Rc2 34.Qe4
Rd3 35.Rf1 Rxh3+ 36.gxh3 {#r} 1-0

[Event "GRENKE Chess Open 2017"]
[Site "Karlsruhe GER"]
[Date "2017.04.16"]
[Round "7.3"]
[White "Papp,Ga"]
[Black "Vitiugov,N"]
[Result "0-1"]
[WhiteElo "2581"]
[BlackElo "2729"]

1.e4 e6 2.d4 d5 3.Nd2 c5 4.Ngf3 cxd4 5.Nxd4 Nc6 6.Bb5 Bd7 7.Nxc6 bxc6 8.Bd3
Qc7 9.Qe2 Ne7 10.Nf3 Ng6 11.e5 c5 12.c4 dxc4 13.Bxc4 Rb8 14.O-O Be7 15.b3 Bc6
16.Bb2 O-O 17.Ne1 Rfd8 18.f4 Nh4 19.Bd3 Qa5 20.Rc1 Qxa2 21.Bc4 Bd5 22.Rc2 Bxc4
23.bxc4 Rb3 24.Bd4 Qa6 25.Bf2 Nf5 26.Ra2 Qb7 27.Nf3 Nd4 28.Bxd4 cxd4 29.Rd1 d3
30.Qf1 Bc5+ 31.Kh1 Rb2 32.Rxb2 Qxb2 33.Ne1 d2 34.Nd3 Qd4 35.Rxd2 Qxc4 36.h3
Be3 37.Rd1 g6 38.g3 Qc2 39.Nf2 Rxd1 40.Nxd1 Bd4 41.Qf3 Qd2 {#R} 0-1

[Event "GRENKE Chess Open 2017"]
[Site "Karlsruhe GER"]
[Date "2017.04.16"]
[Round "7.14"]
[White "Kulaots,K"]
[Black "Carow,J"]
[Result "1-0"]
[WhiteElo "2588"]
[BlackElo "2419"]

1.e4 c5 2.Nf3 e6 3.d4 cxd4 4.Nxd4 a6 5.Be2 Nf6 6.Nc3 Qc7 7.O-O Bc5 8.Be3 d6
9.Qd2 O-O 10.Bg5 Nbd7 11.Nb3 Ba7 12.a4 b6 13.Rad1 Bb8 14.Qf4 Qd8 15.Qh4 Ne5
16.Nd4 Bd7 17.f4 Ng6 18.Qe1 h6 19.Bxf6 gxf6 20.f5 Ne5 21.Qh4 Kg7 22.Bg4 Qe8
23.Nce2 Nxg4 24.Qxg4+ Kh7 25.Nf4 Rg8 26.Qh4 Rg5 27.Nh5 Rxh5 28.Qxh5 e5 29.Ne2
Bxa4 30.Nc3 Bc6 31.Rf3 b5 32.Rh3 Qf8 33.Rdd3 Ba7+ 34.Kf1 Bd4 35.Rdg3 Bxc3
36.bxc3 Be8 37.Qh4 a5 38.Qxf6 b4 39.Rh4 {#r} 1-0

[Event "GRENKE Chess Open 2017"]
[Site "Karlsruhe GER"]
[Date "2017.04.16"]
[Round "7.15"]
[White "Wieczorek,O"]
[Black "Bacrot,E"]
[Result "0-1"]
[WhiteElo "2484"]
[BlackElo "2696"]

1.e4 e5 2.Nf3 Nc6 3.Bb5 a6 4.Ba4 Nf6 5.O-O Be7 6.Re1 b5 7.Bb3 d6 8.c3 O-O 9.h3
Na5 10.Bc2 c5 11.d4 Nd7 12.Nbd2 exd4 13.cxd4 Nc6 14.d5 Nce5 15.Nxe5 Nxe5 16.f4
Ng6 17.Nf3 Bh4 18.Nxh4 Qxh4 19.Rf1 f5 20.e5 Bb7 21.Be3 Rac8 22.Qd2 dxe5
23.fxe5 f4 24.Bf2 Qg5 25.Bxg6 hxg6 26.Rac1 Rfd8 27.Be1 Qxe5 28.Qxf4 Qxd5
29.Qg3 Rf8 30.Rxf8+ Rxf8 31.b3 Rf5 32.h4 Kh7 33.Bf2 c4 34.bxc4 bxc4 35.Be3 Re5
36.Rc3 Re4 37.Kh2 Qh5 38.Qg5 Qe2 39.h5 Rh4+ {#R} 0-1